Statistics for All 1M Cities Starting with “G” to Country

Click here to take the quiz!

General Stats

  • This quiz has been taken 145 times
  • The average score is 15 of 17

Answer Stats

CityCountry% Correct
GanzhouChina
100%
Guatemala CityGuatemala
99%
GlasgowUnited Kingdom
99%
GuangzhouChina
98%
Gaza*Palestine
97%
GuadalajaraMexico
96%
GuiyangChina
95%
GreensboroUnited States
90%
GuwahatiIndia
88%
GuilinChina
84%
GuayaquilEcuador
83%
GwaliorIndia
82%
GwangjuSouth Korea
78%
GujranwalaPakistan
77%
GaziantepTurkey
76%
GoiâniaBrazil
74%
George TownMalaysia
52%

Score Distribution

Percentile by Number Answered

Percent of People with Each Score

Your Score History

You have not taken this quiz